[Event "Marmaris Karya-13 IM 2022"]
[Site "Icmeler-Marmaris"]
[Date "2022.01.26"]
[Round "8.1"]
[White "Boshra, Alshaeby"]
[Black "Sibashvili, Giorgi"]
[Result "0-1"]
[WhiteElo "1974"]
[BlackElo "2398"]
[Annotator "TA"]
[PlyCount "68"]
[EventDate "2022.01.27"]
[EventType "schev"]
[EventCountry "TUR"]
[SourceTitle "playchess.com"]
[Source "ChessBase"]
[SourceQuality "1"]

{[%evp 18,68,31,27,20,0,0,-4,7,0,14,0,0,4,6,0,0,0,0,0,0,0,0,0,12,10,6,8,7,7,8,7,8,8,8,0,8,-24,-24,-24,-24,-56,-52,-78,-81,-495,-495,-910,-891,-1166,-1147,-898,-690]} 1. e4 e5 2. Nf3 Nc6 3. Bb5 Nf6 4. d3 d6 5. c3 Bd7 6. O-O a6 7. Ba4 g6 8. Nbd2 Bg7 9. Re1 O-O 10. Nf1 Nh5 {C77: Ruy Lopez: 3...a6 4 Ba4 Nf6, unusual lines.} 11. d4 exd4 {[#]} 12. Bxc6 $146 ({Predecessor:} 12. Nxd4 Nxd4 13. cxd4 Bxa4 14. Qxa4 Re8 15. g4 Nf6 16. f3 Nd7 17. Be3 c5 18. Rad1 {0-1 (59) Bolanos,F (2231)-Pichot,A (2581) Antofagasta 2019}) 12... Bxc6 {The position is equal.} 13. Nxd4 Bd7 14. Nf5 gxf5 15. Qxh5 Qf6 16. Ng3 {[%cal Re4f5]} fxe4 17. Bg5 Qg6 18. Rxe4 Rfe8 19. Rae1 Rxe4 20. Rxe4 Re8 21. Qxg6 fxg6 22. Rxe8+ Bxe8 $11 {[%mdl 4096] Endgame KBB-KBN} 23. Bd8 Bf7 24. Bxc7 Bxa2 25. Bxd6 Kf7 26. Ba3 Ke6 27. Nf1 Kd5 {[%mdl 1024] Black has compensation.} 28. Ne3+ Ke4 29. Nc2 a5 {[%cal Ba6a5,Ba5a4][%mdl 32]} 30. Bc5 Kd3 31. Na3 {[%mdl 8192] [#] Now White is beyond hope.} (31. Ne3 $17 {was the crucial defense.}) 31... Bh6 $1 $19 {Black is clearly winning.} 32. b4 (32. Be7 $142 Bc1 33. b3) 32... a4 33. Nb5 Bc4 34. Na3 b5 {Weighted Error Value: White=0.67/Black=0.01 (flawless)} 0-1

[Event "Marmaris Karya-13 IM 2022"]
[Site "Icmeler-Marmaris"]
[Date "2022.01.26"]
[Round "8.2"]
[White "Haussernot, Cecile"]
[Black "Blesic, Vaso"]
[Result "1/2-1/2"]
[WhiteElo "2188"]
[BlackElo "2276"]
[Annotator "ChessBase"]
[PlyCount "64"]
[EventDate "2022.01.27"]
[EventType "schev"]
[EventCountry "TUR"]
[SourceTitle "playchess.com"]
[Source "ChessBase"]
[SourceQuality "1"]
[TimeControl "5400+30"]

1. e4 {[%emt 0:04:00]} c6 {[%emt 0:01:00]} 2. d4 {[%emt 0:00:30]} d5 {[%emt 0:00:30]} 3. e5 {[%emt 0:01:30]} Bf5 {[%emt 0:00:00]} 4. Nf3 {[%emt 0:00:30]} e6 {[%emt 0:00:00]} 5. Be2 {[%emt 0:00:30]} Nd7 {[%emt 0:04:30]} 6. O-O {[%emt 0:03:30]} h6 {[%emt 0:00:30]} 7. b3 {[%emt 0:00:30]} Ne7 {[%emt 0:00:30]} 8. c4 {[%emt 0:04:30]} Bh7 {[%emt 0:02:30]} 9. Ba3 {[%emt 0:02:30]} c5 {[%emt 0:06:30]} 10. Nc3 {[%emt 0:05:30]} dxc4 {[%emt 0:03:30]} 11. d5 {[%emt 0:05:30]} Nxd5 {[%emt 0:07:30]} 12. Nxd5 {[%emt 0:00:30]} exd5 {[%emt 0:00:00]} 13. Qxd5 {[%emt 0:03:30]} Nb6 {[%emt 0:05:00]} 14. Qxb7 {[%emt 0:00:30]} Qc8 {[%emt 0:02:30]} 15. Qxc8+ {[%emt 0:00:00]} Rxc8 {[%emt 0:00:00]} 16. bxc4 {[%emt 0:04:00]} g5 {[%emt 0:00:00]} 17. Rfe1 {[%emt 0:06:30]} Bg7 {[%emt 0:00:30]} 18. h4 {[%emt 0:03:30]} g4 {[%emt 0:01:30]} 19. Nh2 {[%emt 0:00:30]} h5 {[%emt 0:00:00]} 20. f3 {[%emt 0:00:30]} O-O {[%emt 0:01:00]} 21. fxg4 {[%emt 0:02:30]} Bxe5 {[%emt 0:00:30]} 22. Rad1 {[%emt 0:01:30]} Bg3 {[%emt 0:03:30]} 23. Rf1 {[%emt 0:00:00]} Rfe8 {[%emt 0:00:00]} 24. Bd3 {[%emt 0:01:00]} Bxd3 {[%emt 0:00:00]} 25. Rxd3 {[%emt 0:01:30]} Bxh4 {[%emt 0:01:30]} 26. gxh5 {[%emt 0:08:30]} Nxc4 {[%emt 0:00:30]} 27. Bc1 {[%emt 0:02:30]} Re4 {[%emt 0:08:30]} 28. Rd7 {[%emt 0:11:30]} Re7 {[%emt 0:02:30]} 29. Rxe7 {[%emt 0:01:30]} Bxe7 {[%emt 0:00:30]} 30. Ng4 {[%emt 0:00:00]} Nd6 {[%emt 0:00:30]} 31. Re1 {[%emt 0:02:00]} Bh4 {[%emt 0:00:30]} 32. Rd1 {[%emt 0:01:30]} Rd8 {[%emt 0:07:30]} 1/2-1/2

[Event "Marmaris Karya-13 IM 2022"]
[Site "Icmeler-Marmaris"]
[Date "2022.01.26"]
[Round "8.3"]
[White "Kirilmaz, Emre"]
[Black "Darban, Morteza"]
[Result "0-1"]
[WhiteElo "2229"]
[BlackElo "2261"]
[Annotator "ChessBase"]
[PlyCount "102"]
[EventDate "2022.01.27"]
[EventType "schev"]
[EventCountry "TUR"]
[SourceTitle "playchess.com"]
[Source "ChessBase"]
[SourceQuality "1"]
[TimeControl "5400+30"]

1. d4 {[%emt 0:02:00]} Nf6 {[%emt 0:01:00]} 2. c3 {[%emt 0:00:00]} d6 {[%emt 0:00:00]} 3. Bg5 {[%emt 0:00:00]} Nbd7 {[%emt 0:00:00]} 4. Nd2 {[%emt 0:00:30]} e5 {[%emt 0:00:30]} 5. e4 {[%emt 0:00:30]} Be7 {[%emt 0:00:00]} 6. Ngf3 {[%emt 0:02:30]} O-O {[%emt 0:04:00]} 7. Bc4 {[%emt 0:02:30]} exd4 {[%emt 0:01:30]} 8. cxd4 {[%emt 0:00:30]} d5 {[%emt 0:00:00]} 9. exd5 {[%emt 0:01:30]} Nb6 {[%emt 0:00:00]} 10. O-O {[%emt 0:00:30]} Nxc4 {[%emt 0:00:30]} 11. Nxc4 {[%emt 0:00:30]} Nxd5 {[%emt 0:00:30]} 12. Bxe7 {[%emt 0:00:30]} Qxe7 {[%emt 0:00:30]} 13. Re1 {[%emt 0:00:00]} Qf6 {[%emt 0:05:30]} 14. Re5 {[%emt 0:02:00]} Nf4 {[%emt 0:05:30]} 15. Ne3 {[%emt 0:00:30]} h6 {[%emt 0:07:30]} 16. g3 {[%emt 0:48:30]} Ng6 {[%emt 0:08:30]} 17. Rh5 {[%emt 0:04:30]} c6 {[%emt 0:13:30]} 18. Ne5 {[%emt 0:03:30]} Be6 {[%emt 0:00:30]} 19. f4 {[%emt 0:00:30]} Rad8 {[%emt 0:13:30]} 20. Nxg6 {[%emt 0:03:30]} fxg6 {[%emt 0:01:30]} 21. Re5 {[%emt 0:01:30]} Rd7 {[%emt 0:00:30]} 22. Qa4 {[%emt 0:03:30]} a6 {[%emt 0:07:30]} 23. Re1 {[%emt 0:03:09]} Kh7 {[%emt 0:05:30]} 24. a3 {[%emt 0:05:44]} Rfd8 {[%emt 0:00:30]} 25. Qb4 {[%emt 0:00:42]} Qf7 {[%emt 0:03:30]} 26. Nc2 {[%emt 0:01:02]} Bf5 {[%emt 0:00:30]} 27. Re7 {[%emt 0:00:21]} Qf6 {[%emt 0:00:30]} 28. Rxd7 {[%emt 0:02:08]} Rxd7 {[%emt 0:00:00]} 29. Ne3 {[%emt 0:00:14]} Qxd4 {[%emt 0:03:14]} 30. Qxd4 {[%emt 0:00:30]} Rxd4 {[%emt 0:00:01]} 31. Rd1 {[%emt 0:03:15]} Rxd1+ {[%emt 0:02:43]} 32. Nxd1 {[%emt 0:00:08]} Kg8 {[%emt 0:01:16]} 33. Kf2 {[%emt 0:00:45]} Kf7 {[%emt 0:00:07]} 34. Ke3 {[%emt 0:00:15]} c5 {[%emt 0:00:58]} 35. Kd2 {[%emt 0:02:01]} Ke7 {[%emt 0:00:33]} 36. Ne3 {[%emt 0:00:38]} Be6 {[%emt 0:00:02]} 37. Kc3 {[%emt 0:01:38]} Kd6 {[%emt 0:01:11]} 38. a4 {[%emt 0:05:51]} b6 {[%emt 0:02:15]} 39. b3 {[%emt 0:01:36]} h5 {[%emt 0:00:11]} 40. a5 {[%emt 0:00:31]} bxa5 {[%emt 0:00:44]} 41. Kb2 {[%emt 0:00:30]} Kc6 {[%emt 0:02:16]} 42. Nc4 {[%emt 0:00:28]} Kd5 {[%emt 0:03:57]} 43. Kc3 {[%emt 0:00:31]} Ke4 {[%emt 0:01:28]} 44. Nxa5 {[%emt 0:00:16]} Kf3 {[%emt 0:03:19]} 45. Nb7 {[%emt 0:00:22]} Kg2 {[%emt 0:00:09]} 46. Nxc5 {[%emt 0:00:18]} Bc8 {[%emt 0:00:02]} 47. Kd4 {[%emt 0:01:04]} Kxh2 {[%emt 0:00:07]} 48. Ne4 {[%emt 0:00:30]} Bf5 {[%emt 0:01:20]} 49. Nc5 {[%emt 0:00:31]} Kxg3 {[%emt 0:00:08]} 50. Nxa6 {[%emt 0:00:23]} h4 {[%emt 0:00:03]} 51. Nb4 {[%emt 0:00:13]} h3 {[%emt 0:00:23]} 0-1

[Event "Marmaris Karya-13 IM 2022"]
[Site "Icmeler-Marmaris"]
[Date "2022.01.26"]
[Round "8.4"]
[White "Kaya, Serhat"]
[Black "Ozsakallioglu, Okan"]
[Result "0-1"]
[WhiteElo "1705"]
[BlackElo "2179"]
[Annotator "TA"]
[PlyCount "34"]
[EventDate "2022.01.27"]
[EventType "schev"]
[EventCountry "TUR"]
[SourceTitle "playchess.com"]
[Source "ChessBase"]
[SourceQuality "1"]

{[%evp 15,34,0,0,2,0,-16,19,-21,-19,-31,0,0,0,0,65,-207,-208,-393,-366,-1509,-1485]} 1. d4 Nf6 2. c4 g6 3. Nc3 Bg7 4. e4 d6 5. f3 O-O 6. Be3 c5 7. d5 e6 8. dxe6 Bxe6 9. Qd2 {E81: King's Indian: Sämisch: 6th move deviations (including 6 Be3 c6).} Nc6 {[%cal Bb8c6,Bc6e5,Be5g4,Bg4e3][%mdl 32]} 10. Rd1 {[#]} Qb6 $146 ({Predecessor:} 10... Qa5 11. Rc1 a6 12. b3 b5 13. cxb5 axb5 14. Bxb5 Nb4 15. Ba4 c4 16. Rb1 Ng4 17. fxg4 {0-1 (29) Mona,K (2191)-Ibrahimova,S (2271) Pune 2014}) 11. Nd5 {The position is equal.} Bxd5 12. cxd5 Ne5 {[%cal Oe5g4]} (12... Nd4 $5) 13. Nh3 Rfe8 {[%cal Oe5g4]} 14. Be2 a6 (14... Neg4 $1 $11) 15. Kf2 $2 {[%mdl 8192] [#]} (15. Nf2 $14) 15... Neg4+ $1 $19 {[%mdl 512]} 16. Kg3 $2 (16. Kg1 Nxe3 17. Qxe3) (16. Kf1 Nxe3+) 16... Nxe3 {Pair of Knights!} 17. Rb1 $2 {[#]} (17. Qxe3 Qxb2 18. Rd3) 17... Rxe4 $1 {Weighted Error Value: White=1.41/Black=0.23 (precise)} 0-1

[Event "Marmaris Karya-13 IM 2022"]
[Site "Icmeler-Marmaris"]
[Date "2022.01.26"]
[Round "8.5"]
[White "Karadag, Eflatun Cem"]
[Black "Ahmad, Al Khatib"]
[Result "0-1"]
[WhiteElo "1827"]
[BlackElo "2218"]
[Annotator "ChessBase"]
[PlyCount "86"]
[EventDate "2022.01.27"]
[EventType "schev"]
[EventCountry "TUR"]
[SourceTitle "playchess.com"]
[Source "ChessBase"]
[SourceQuality "1"]
[TimeControl "5400+30"]

1. e4 {[%emt 0:01:00]} c6 {[%emt 0:01:00]} 2. d4 {[%emt 0:00:00]} d5 {[%emt 0:00:00]} 3. exd5 {[%emt 0:00:00]} cxd5 {[%emt 0:00:00]} 4. Bd3 {[%emt 0:00:30]} Nf6 {[%emt 0:00:00]} 5. c3 {[%emt 0:01:30]} Bg4 {[%emt 0:00:00]} 6. Qb3 {[%emt 0:00:30]} Qd7 {[%emt 0:00:30]} 7. f3 {[%emt 0:02:30]} Bh5 {[%emt 0:00:30]} 8. Ne2 {[%emt 0:04:30]} Nc6 {[%emt 0:01:30]} 9. Bf4 {[%emt 0:02:30]} e6 {[%emt 0:00:30]} 10. Nd2 {[%emt 0:03:30]} Bd6 {[%emt 0:05:30]} 11. O-O {[%emt 0:03:30]} O-O {[%emt 0:00:30]} 12. Rfe1 {[%emt 0:05:30]} Bg6 {[%emt 0:03:30]} 13. Bxg6 {[%emt 0:05:30]} hxg6 {[%emt 0:00:30]} 14. Bxd6 {[%emt 0:03:30]} Qxd6 {[%emt 0:00:00]} 15. a4 {[%emt 0:01:30]} Rfe8 {[%emt 0:08:00]} 16. Rad1 {[%emt 0:04:30]} Qc7 {[%emt 0:02:30]} 17. Nc1 {[%emt 0:05:30]} e5 {[%emt 0:06:30]} 18. dxe5 {[%emt 0:00:30]} Nxe5 {[%emt 0:00:30]} 19. Qb4 {[%emt 0:01:30]} Re6 {[%emt 0:07:30]} 20. Qd4 {[%emt 0:03:30]} Rae8 {[%emt 0:02:30]} 21. g3 {[%emt 0:08:30]} Nc6 {[%emt 0:04:30]} 22. Qf2 {[%emt 0:01:30]} Rxe1+ {[%emt 0:00:30]} 23. Rxe1 {[%emt 0:00:30]} Rxe1+ {[%emt 0:00:00]} 24. Qxe1 {[%emt 0:00:30]} Qb6+ {[%emt 0:00:00]} 25. Kf1 {[%emt 0:06:30]} Qxb2 {[%emt 0:01:30]} 26. Ne2 {[%emt 0:00:30]} Qc2 {[%emt 0:03:30]} 27. g4 {[%emt 0:06:30]} Qxa4 {[%emt 0:03:30]} 28. g5 {[%emt 0:00:30]} Nh5 {[%emt 0:01:30]} 29. Ng3 {[%emt 0:02:30]} Nxg3+ {[%emt 0:03:30]} 30. hxg3 {[%emt 0:00:30]} Nd8 {[%emt 0:04:30]} 31. Qe3 {[%emt 0:03:30]} Ne6 {[%emt 0:00:30]} 32. Ke2 {[%emt 0:02:30]} d4 {[%emt 0:11:30]} 33. cxd4 {[%emt 0:01:30]} Qxd4 {[%emt 0:00:30]} 34. Qxd4 {[%emt 0:01:50]} Nxd4+ {[%emt 0:00:30]} 35. Kd3 {[%emt 0:00:10]} Ne6 {[%emt 0:00:30]} 36. f4 {[%emt 0:00:30]} Kf8 {[%emt 0:00:30]} 37. Kc4 {[%emt 0:00:49]} Ke7 {[%emt 0:00:30]} 38. Kd5 {[%emt 0:00:50]} Nc7+ {[%emt 0:01:30]} 39. Kc5 {[%emt 0:01:50]} Kd7 {[%emt 0:00:30]} 40. Ne4 {[%emt 0:02:37]} b6+ {[%emt 0:00:30]} 41. Kd4 {[%emt 0:00:16]} a5 {[%emt 0:02:30]} 42. Nc3 {[%emt 0:02:19]} Kc6 {[%emt 0:03:30]} 43. g4 {[%emt 0:00:56]} Nb5+ {[%emt 0:00:00]} 0-1

[Event "Marmaris Karya-13 IM 2022"]
[Site "Icmeler-Marmaris"]
[Date "2022.01.29"]
[Round "9.3"]
[White "Darban, Morteza"]
[Black "Kaya, Serhat"]
[Result "1-0"]
[WhiteElo "2261"]
[BlackElo "1705"]
[Annotator "TA"]
[PlyCount "53"]
[EventDate "2022.01.27"]
[EventType "schev"]
[EventCountry "TUR"]
[SourceTitle "playchess.com"]
[Source "ChessBase"]
[SourceQuality "1"]

{[%evp 17,53,5,22,0,0,-12,-13,-25,-8,-29,-13,-1,-8,-29,8,6,34,37,158,168,208,102,127,125,394,393,381,381,544,291,287,273,743,718,1505,1476,1289,998]} 1. c4 c6 2. b3 d5 3. Bb2 Bf5 4. Nf3 Nf6 5. g3 Nbd7 6. Bg2 e6 7. O-O Bd6 8. Nc3 O-O 9. d3 Qe7 10. cxd5 {A12: English Opening: 1...c6 with b3 by White.} exd5 11. Nd4 Bg6 12. Re1 {[#] The position is equal.} Ba3 $146 ({Predecessor:} 12... Bb4 13. a3 Ba5 14. b4 Bc7 15. Qb3 h5 16. e4 Rae8 17. f4 h4 18. Nf3 hxg3 19. hxg3 {0-1 (27) Schoeber,S (1828)-Mang,M (1716) Wiesbaden 2016}) 13. Qc1 Bxb2 (13... Bc5 {is more complex.} 14. Nf3 Rfe8 15. a3 a5 16. d4 Bb6) 14. Qxb2 Rfe8 15. b4 {[%cal Bb3b4,Bb4b5,Bb5c6,Bc6b7][%mdl 32]} Ng4 {[%cal Og4f2]} 16. Nf3 f5 17. b5 d4 (17... Rab8 $14) 18. Nxd4 $16 Nxf2 {And now ...Qe3 would win.} 19. Qd2 (19. Kxf2 Qe3+ 20. Kf1 Qxd4 $11) (19. bxc6 $18 {is the precise move to win.} bxc6 20. Bxc6) 19... Ng4 {aiming for ...Qc5.} 20. bxc6 Qc5 $2 {[%mdl 8192] [#] A mistake that costs the game.} 21. cxb7 $1 $18 Rad8 (21... Qxd4+ $2 22. e3 Nxe3 23. Nb5 $18 (23. bxa8=R Nxg2+ 24. Qf2 Qxf2+ 25. Kxf2 Rxa8 $18) (23. bxa8=N Ng4+ 24. Kh1 Rxe1+ 25. Rxe1 Nf2+ 26. Kg1 Nh3+ 27. Kh1 Nf2+ 28. Kg1 Nh3+ 29. Kh1 Nf2+ $11)) 22. e3 Rxe3 (22... f4 {is a better defense.}) 23. Rxe3 Qxd4 {[#]} 24. Rae1 (24. Bd5+ Kh8 25. Rae1 f4 26. gxf4 Nxe3 27. Qxe3 (27. Rxe3 Re8 $11) 27... Qxc3 $16) 24... Nde5 $2 {[#]} (24... Nxe3 25. Rxe3 Re8) 25. Nd5 $1 {Rc1 is the strong threat. White is clearly winning.} Nc4 (25... f4 26. Nxf4) 26. Qb4 Ngxe3 27. Nxe3 {Weighted Error Value: White=0.29 (precise) /Black=0.54} 1-0

[Event "Marmaris Karya-13 IM 2022"]
[Site "Icmeler-Marmaris"]
[Date "2022.01.29"]
[Round "9.5"]
[White "Ahmad, Al Khatib"]
[Black "Boshra, Alshaeby"]
[Result "*"]
[WhiteElo "2218"]
[BlackElo "1974"]
[Annotator "TA"]
[PlyCount "33"]
[EventDate "2022.01.27"]
[EventType "schev"]
[EventCountry "TUR"]
[SourceTitle "playchess.com"]
[Source "ChessBase"]
[SourceQuality "1"]

{[%evp 10,15,30,10,26,25,37,26]} 1. d4 Nf6 2. c4 c5 3. Nf3 g6 4. Nc3 Bg7 5. g3 O-O 6. Bg2 cxd4 {A49: 1 d4 Nf6 2 Nf3 g6 3 g3: Anti-King's Indian systems.} 7. Qxd4 Nc6 8. Qh4 {[#]} {Predecessor:} Qa5 $146 9. O-O d6 10. Bh6 Qh5 11. Qxh5 Nxh5 12. Bxg7 Kxg7 13. Rfd1 Nf6 14. Rac1 Rd8 15. Ne1 Bf5 16. Nc2 Rac8 17. Ne3 {½-½ (58) Wojtaszek,R (2730)-Svidler,P (2756) Khanty-Mansiysk 2017} *

[Event "Marmaris Karya-13 IM 2022"]
[Site "Icmeler-Marmaris"]
[Date "2022.01.30"]
[Round "10.1"]
[White "Kirilmaz, Emre"]
[Black "Sibashvili, Giorgi"]
[Result "1/2-1/2"]
[WhiteElo "2229"]
[BlackElo "2398"]
[Annotator "TA"]
[PlyCount "37"]
[EventDate "2022.01.27"]
[EventType "schev"]
[EventCountry "TUR"]
[SourceTitle "playchess.com"]
[Source "ChessBase"]
[SourceQuality "1"]

{[%evp 21,37,7,15,8,8,8,11,8,9,13,31,4,44,0,37,0,36,0]} 1. c4 Nf6 2. Nf3 b6 3. g3 c5 4. Bg2 Bb7 5. O-O g6 6. b3 Bg7 7. Bb2 O-O 8. Nc3 d6 9. d4 cxd4 10. Nxd4 {[%cal Bf3d4,Bd4b5,Bb5c3][%mdl 32]} Bxg2 11. Kxg2 d5 12. cxd5 {A30: Symmetrical English: Double Fianchetto and Hedgehog.} Nxd5 13. Ndb5 Nxc3 14. Bxc3 {The position is equal.} Bxc3 15. Nxc3 {[#]} Kg7 $146 ({Predecessor:} 15... Nc6) 16. Kg1 Kg8 17. Kg2 Kg7 18. Kg1 Kg8 19. Kg2 {An uneventful encounter.  Weighted Error Value: White=0.20 (precise) /Black=0.08 (flawless)} 1/2-1/2

[Event "Marmaris Karya-13 IM 2022"]
[Site "Icmeler-Marmaris"]
[Date "2022.01.29"]
[Round "10.2"]
[White "Blesic, Vaso"]
[Black "Kirilmaz, Emre"]
[Result "1/2-1/2"]
[WhiteElo "2276"]
[BlackElo "2229"]
[Annotator "TA"]
[PlyCount "23"]
[EventDate "2022.01.27"]
[EventType "schev"]
[EventCountry "TUR"]
[SourceTitle "playchess.com"]
[Source "ChessBase"]
[SourceQuality "1"]

{[%evp 9,23,13,14,14,63,16,58,0,47,0,55,0,49,0,55,0]} 1. e4 e5 2. Nf3 Nc6 3. Bb5 Nf6 4. O-O Bd6 5. Nc3 O-O 6. d3 {[#] C65: Ruy Lopez: Berlin Defence (3...Nf6), unusual lines and 4 0-0 Bc5.} Kh8 $146 (6... Nd4 $11 {should be considered.}) ({Predecessor:} 6... h6 7. a3 Re8 8. Re1 a6 9. Bc4 Bc5 10. Be3 Bxe3 11. Rxe3 d6 12. h3 Nd4 13. Re1 Nxf3+ 14. Qxf3 Be6 15. Rad1 c5 16. Bxe6 Rxe6 17. Qe3 Nh5 18. Nd5 Nf6 {½-½ (26) Najer,E (2654)-Predke,A (2683) Bryansk 2021}) 7. Re1 (7. Be3 $14) 7... Kg8 (7... Nd4 $11 {might be stronger.}) 8. Rf1 Kh8 9. Re1 Kg8 10. Rf1 Kh8 11. Re1 Kg8 12. Rf1 {Weighted Error Value: White=0.43/Black=0.10 (very precise)} ({White should play} 12. Ba4 $14) 1/2-1/2

[Event "Marmaris Karya-13 IM 2022"]
[Site "Icmeler-Marmaris"]
[Date "2022.01.30"]
[Round "10.2"]
[White "Kaya, Serhat"]
[Black "Blesic, Vaso"]
[Result "0-1"]
[WhiteElo "1705"]
[BlackElo "2276"]
[Annotator "TA"]
[PlyCount "56"]
[EventDate "2022.01.27"]
[EventType "schev"]
[EventCountry "TUR"]
[SourceTitle "playchess.com"]
[Source "ChessBase"]
[SourceQuality "1"]

{[%evp 9,56,20,33,37,50,30,31,26,21,25,26,22,46,32,33,17,24,29,29,27,31,10,17,0,3,0,4,-16,-10,-8,0,-26,-35,-16,0,0,0,-689,-776,-773,-628,-773,-754,-760,-758,-743,-737,-29991,-133]} 1. d4 Nf6 2. c4 e6 3. Nf3 b6 4. g3 Ba6 5. Qc2 d5 6. cxd5 $1 {E15: Queen's Indian: 4 g3 sidelines, 4 g3 Ba6 and 4 g3 Bb7 early deviations.} exd5 7. Bg2 Bb4+ 8. Nc3 {White is slightly better.} O-O 9. O-O Bxc3 10. bxc3 Nbd7 11. Re1 Re8 12. Bg5 {[#]} (12. Nh4 {is interesting.} Ne4 13. f3 Nd6 14. Bf4 Nc4 15. e4) 12... h6 $146 ({Predecessor:} 12... c6 13. Bh3 Qc7 14. Bf4 Qd8 15. Bg5 Bc8 16. Bxd7 Bxd7 17. Ne5 Re6 18. Qf5 Rd6 {½-½ (41) Jakovljevic,Z (2150)-Kostic,B (2263) Belgrade 2010}) 13. Bxf6 Nxf6 14. Ne5 c5 15. h4 Qc7 16. Rac1 Bc8 17. Qd3 Be6 18. Qf3 Rac8 19. Qf4 Qd6 20. e3 cxd4 21. cxd4 Qa3 22. Rxc8 Rxc8 23. Re2 $2 {[%mdl 8192] [#]} (23. g4 $11) 23... Qc1+ $19 24. Kh2 Qd1 25. Rb2 Rc1 {[%csl Gc1][%cal Rd1g1]} 26. g4 Qg1+ 27. Kg3 {[#]} Bxg4 $1 {[%mdl 512] ( -> ...Nh5+)} 28. Nf3 (28. Qxf6 gxf6) 28... Nh5+ {Weighted Error Value: White=0.71/Black=0.05 (flawless)} ({Avoid the trap} 28... Bxf3 $2 29. Qxf3 Rc6 30. Qe2 $19) 0-1

[Event "Marmaris Karya-13 IM 2022"]
[Site "Icmeler-Marmaris"]
[Date "2022.01.29"]
[Round "10.3"]
[White "Darban, Morteza"]
[Black "Kaya, Serhat"]
[Result "1-0"]
[WhiteElo "2261"]
[BlackElo "1705"]
[Annotator "TA"]
[PlyCount "53"]
[EventDate "2022.01.27"]
[EventType "schev"]
[EventCountry "TUR"]
[SourceTitle "playchess.com"]
[Source "ChessBase"]
[SourceQuality "1"]

{[%evp 17,53,2,16,2,3,0,-14,-25,-9,-14,-8,-6,-14,-9,8,0,43,33,158,152,175,79,124,125,398,380,365,392,560,275,267,257,698,535,1694,1595,1372,937]} 1. c4 c6 2. b3 d5 3. Bb2 Bf5 4. Nf3 Nf6 5. g3 Nbd7 6. Bg2 e6 7. O-O Bd6 8. Nc3 O-O 9. d3 Qe7 10. cxd5 {A12: English Opening: 1...c6 with b3 by White.} exd5 11. Nd4 Bg6 12. Re1 {[#] The position is equal.} Ba3 $146 ({Predecessor:} 12... Bb4 13. a3 Ba5 14. b4 Bc7 15. Qb3 h5 16. e4 Rae8 17. f4 h4 18. Nf3 hxg3 19. hxg3 {0-1 (27) Schoeber,S (1828)-Mang,M (1716) Wiesbaden 2016}) 13. Qc1 Bxb2 14. Qxb2 Rfe8 15. b4 {[%cal Bb3b4,Bb4b5,Bb5c6,Bc6b7][%mdl 32]} Ng4 {[%cal Og4f2]} 16. Nf3 f5 (16... h5 $11 {is more appropriate.}) 17. b5 $14 d4 (17... Bf7 $14) 18. Nxd4 $16 Nxf2 {Strongly threatening ...Qe3.} 19. Qd2 (19. Kxf2 $6 Qe3+ 20. Kf1 Qxd4 $11) (19. bxc6 $18 bxc6 20. Bxc6) 19... Ng4 (19... c5 $142) 20. bxc6 Qc5 {[%mdl 8192] [#] A mistake that costs the game.} 21. cxb7 $1 $18 Rad8 (21... Qxd4+ $2 22. e3 Nxe3 23. Nb5 $18 (23. bxa8=R Nxg2+ 24. Qf2 Qxf2+ 25. Kxf2 Rxa8 $18) (23. bxa8=N Ng4+ 24. Kh1 Rxe1+ 25. Rxe1 Nf2+ 26. Kg1 Nh3+ 27. Kh1 Nf2+ 28. Kg1 Nh3+ 29. Kh1 Nf2+ $11)) 22. e3 Rxe3 (22... Nxe3 $142 23. Nb3 Qb6) 23. Rxe3 (23. Ncb5 $142 Rxe1+ 24. Rxe1) 23... Qxd4 {[#]} 24. Rae1 ({Not} 24. Bd5+ Kh8 25. Rae1 Nb6 $16) 24... Nde5 $2 {[#]} (24... Nxe3 25. Rxe3 Bf7) 25. Nd5 $1 {And now Rc1 would win. White is clearly winning.} Nc4 (25... f4 26. Nxf4) 26. Qb4 Ngxe3 27. Nxe3 {Weighted Error Value: White=0.26 (precise) /Black=0.76} 1-0